000 00509pab a2200169 454500
008 180718b2015 xxu||||| |||| 00| 0 eng d
100 _aTrivedi, Vimal
245 _aEnhance service delivery in urban local government: a case study of Surat municipal corporation
260 _c2015
300 _ap.50-57.
362 _aJan-Mar
650 _aLocal government - India - Gujarat
650 _aBasic urban services - India - Gujarat
650 _aLocal government
773 _aNagarlok
909 _a109787
999 _c109782
_d109782